000 01103pam a2200301 a 4500
001 2504749
003 OSt
005 20140415095622.0
008 920709s1993 enk b 001 0 eng
010 _a 92025941
020 _a0582089417
020 _a0582089425 (pbk.)
040 _aDLC
_cDLC
_dDLC
043 _ae-uk---
050 0 0 _aDA405
_b.M67 1993
082 0 0 _a941.06
_220
100 1 _aMorrill, J. S.
_q(John Stephen)
_926234
245 1 4 _aThe nature of the English Revolution :
_bessays /
_cby John Morrill.
260 _aLondon ;
_aNew York :
_bLongman,
_c1993.
300 _ax, 466 p. ;
_c22 cm.
504 _aIncludes bibliographical references and index.
651 0 _aGreat Britain
_xHistory
_yPuritan Revolution, 1642-1660.
_926244
651 0 _aGreat Britain
_xHistory, Military
_y1603-1714.
_926245
651 0 _aGreat Britain
_xPolitics and government
_y1603-1714.
_926246
906 _a7
_bcbc
_corignew
_d1
_eocip
_f19
_gy-gencatlg
942 _2lcc
_cBK
999 _c58889
_d58863